Topics of our time : (Record no. 353302)
[ view plain ]
| 000 -LEADER | |
|---|---|
| fixed length control field | 00885 a2200265 4500 |
| 003 - CONTROL NUMBER IDENTIFIER | |
| control field | OSt |
| 005 - DATE AND TIME OF LATEST TRANSACTION | |
| control field | 20180116192401.0 |
| 008 - FIXED-LENGTH DATA ELEMENTS--GENERAL INFORMATION | |
| fixed length control field | 120702t xxu||||| |||| 00| 0 eng d |
| 010 ## - LIBRARY OF CONGRESS CONTROL NUMBER | |
| LC control number | 91019795 |
| 020 ## - INTERNATIONAL STANDARD BOOK NUMBER | |
| International Standard Book Number | 0520075161 |
| 020 ## - INTERNATIONAL STANDARD BOOK NUMBER | |
| International Standard Book Number | 9780714827919 |
| 040 ## - CATALOGING SOURCE | |
| Transcribing agency | 0 |
| 082 00 - DEWEY DECIMAL CLASSIFICATION NUMBER | |
| Classification number | 701.1 |
| 100 1# - MAIN ENTRY--PERSONAL NAME | |
| Personal name | Gombrich, E. H. |
| 9 (RLIN) | 5082 |
| 245 10 - TITLE STATEMENT | |
| Title | Topics of our time : |
| Remainder of title | twentieth-century issues in learning and in art / |
| Statement of responsibility, etc. | E.H. Gombrich. |
| 260 ## - PUBLICATION, DISTRIBUTION, ETC. | |
| Place of publication, distribution, etc. | Berkeley : |
| Name of publisher, distributor, etc. | University of California Press, |
| Date of publication, distribution, etc. | 1991. |
| 300 ## - PHYSICAL DESCRIPTION | |
| Extent | 223 p. : |
| Other physical details | ill. ; |
| Dimensions | 25 cm. |
| 650 10 - SUBJECT ADDED ENTRY--TOPICAL TERM | |
| Topical term or geographic name entry element | Art, Modern |
| Chronological subdivision | 20th century. |
| 9 (RLIN) | 5083 |
| 650 10 - SUBJECT ADDED ENTRY--TOPICAL TERM | |
| Topical term or geographic name entry element | Learning and scholarship |
| General subdivision | History |
| Chronological subdivision | 20th century. |
| 9 (RLIN) | 5084 |
| 650 10 - SUBJECT ADDED ENTRY--TOPICAL TERM | |
| Topical term or geographic name entry element | Cultural relativism. |
| 9 (RLIN) | 5085 |
| 650 10 - SUBJECT ADDED ENTRY--TOPICAL TERM | |
| Topical term or geographic name entry element | Art appreciation |
| 9 (RLIN) | 5086 |
| 650 10 - SUBJECT ADDED ENTRY--TOPICAL TERM | |
| Topical term or geographic name entry element | Appreciation |
| General subdivision | arts |
| 9 (RLIN) | 5087 |
| 942 ## - ADDED ENTRY ELEMENTS (KOHA) | |
| Institution code [OBSOLETE] | SADA |
| Koha item type | Book |
| Call number prefix | 701.1 GOM 1991 |
| Source of classification or shelving scheme | |
| 952 ## - LOCATION AND ITEM INFORMATION (KOHA) | |
| -- | BOOK |
| Withdrawn status | Lost status | Source of classification or shelving scheme | Damaged status | Not for loan | Permanent Location | Current Location | Date acquired | Total Checkouts | Total Renewals | Full call number | Barcode | Date last seen | Date last checked out | Cost, replacement price | Price effective from | Koha item type |
|---|---|---|---|---|---|---|---|---|---|---|---|---|---|---|---|---|
| School of Art Design and Architecture (SADA) | School of Art Design and Architecture (SADA) | 06/29/2011 | 2 | 2 | 701.1 GOM 1991 | SADA0001435 | 08/26/2015 | 07/13/2015 | 1630.00 | 08/05/2011 | Book |
